Closest Genetic Populations to the Irish - Statistics

General Stats
  • This quiz has been taken 38 times
  • The average score is 9 of 12
Answer Stats
Genetic Distance Ethnicity % Correct
0.694 Scottish
97%
0.976 English
94%
0.936 Welsh
91%
2.061 German
88%
2.382 Swedish
88%
1.158 Danish
85%
1.256 Dutch
85%
1.439 Norwegian
82%
2.486 Belgian
68%
1.062 Breton
59%
2.848 Austrian
50%
1.349 Icelander
21%
No matching quizzes found
Score Distribution
Percent of People with Each Score
Percentile by Number Answered
Your Score History
You have not taken this quiz